LEADER 01286nam a2200265 i 4500 001 000000198726 003 CaOOAMICUS 005 20110309000000.0 008 110309s1960 it u000 u ita u 013 $a177416 040 $aSeMil$bita 100 1 $aAdrian, Edgar Douglas.$0(OLS)http://semarc/name/71917 240 14$aThe physical background of perception.$0(OLS)http://semarc/title/287231 245 12$aI fondamenti fisiologici della percezione /$cEdgar Douglas Adrian. 260 $aTorino :$bBoringhieri,$ccopyr. 1960. 300 $a122 p. ;$c22 cm. 490 0 $aBiblioteca di cultura scientifica ;$v32. Serie Azzurra, 26 490 0 $aBiblioteca di cultura scientifica. Serie azzurra: la natura ;$v. 650 4$aGeografia - Continenti e paesi.$0(OLS)http://semarc/subject/24371 830 0$aBiblioteca di cultura scientifica ;$v32. Serie Azzurra, 26.$0(OLS)http://semarc/title/6896 830 0$aBiblioteca di cultura scientifica. Serie azzurra: la natura ;$v.$0(OLS)http://semarc/title/18513 850 $aSeMil 852 $aSeMil$W1$xVenegono$y1$m3X II 185$j149282$B149282$CSeMilBibl$Z2$F160647 $81 996 $6245$aI fondamenti fisiologici della percezione$9(OLS)http://semarc/title/287230 996 $6260$aTorino :$bBoringhieri$9(OLS)http://semarc/publisher/30229 LEADER 01215nam a2200241 i 4500 001 000000101511 003 CaOOAMICUS 005 20170710000000.0 008 170710n it u000 u ita u 013 $a73663 040 $aSeMil$bita 245 10$aPensieri per il cammino di ogni giorno sulla via dell'Amore :$bdalle Lettere di Santa Paola Frassinetti Fondatrice delle Suore di Santa Dorotea. 246 04$iTitolo in copertina:$aPensieri : dagli scritti di Santa Paola Frassinetti 260 $a[S.l. :$bs.n.],$c199?] 300 $a191 p. ;$c19 cm. 500 $aAi pič della copertina : Congregazione Suore Dorotee. 650 4$aPaola : Frassinetti .$0(OLS)http://semarc/subject/11681 850 $aSeMil 852 $aSeMil$W1$xVenegono$y1$m3H I 380$j58291$B58291$CSeMilBibl$Z2$F69022 $81 961 $aOmaggio: Perego don Stefano 996 $6245$aPensieri per il cammino di ogni giorno sulla via dell'Amore :$bdalle Lettere di Santa Paola Frassinetti Fondatrice delle Suore di Santa Dorotea$9(OLS)http://semarc/title/406914 996 $6246$aPensieri : dagli scritti di Santa Paola Frassinetti$9(OLS)http://semarc/title/406915 996 $6260$a[S.l. :$bs.n.]$9(OLS)http://semarc/publisher/29751